000 00279nam a22001337a 4500
008 170928b xxu||||| |||| 00| 0 eng d
020 _a2900131920247
041 _aeng
080 _a37
100 _a47
101 _aEDU
245 _aCONEXIONES
_cBAZAN, E.Z
942 _2udc
_cBK
999 _c30351
_d30351